[Event "LIGA CENTRALNE SRBIJE 2012 - JUG"]
[Site "Nis"]
[Date "2012.09.22"]
[Round "3.1"]
[White "Mitkov, Marjan"]
[Black "Mladenovic, Stefan **"]
[Result "1-0"]
[WhiteElo "2331"]
[BlackElo "2264"]
[PlyCount "61"]
[EventDate "2012.09.21"]

1. d4 Nf6 2. c4 e6 3. Nf3 b6 4. Nc3 Bb4 5. e3 O-O 6. Bd3 Bb7 7. Qc2 d5 8. cxd5
Qxd5 9. O-O Bxc3 10. bxc3 c5 11. e4 Qh5 12. Bg5 Nbd7 13. Rfe1 Rac8 14. Qd2 h6
15. Bh4 Rfe8 16. Bg3 Red8 17. Rad1 cxd4 18. cxd4 Nh7 19. Rb1 e5 20. d5 Ng5 21.
Nh4 Nc5 22. Nf5 Ngxe4 23. Bxe4 Nxe4 24. Ne7+ Kf8 25. Rxe4 Rc5 26. Rxe5 Qg4 27.
Rbe1 Qc4 28. Qe3 Qb5 29. Rf5 Qd7 30. Rxf7+ Kxf7 31. Qf4+ 1-0

[Event "LIGA CENTRALNE SRBIJE 2012 - JUG"]
[Site "Nis"]
[Date "2012.09.22"]
[Round "3.1"]
[White "Djukic, Nebojsa"]
[Black "Kostic, Nebojsa"]
[Result "1/2-1/2"]
[WhiteElo "2192"]
[BlackElo "2292"]
[PlyCount "78"]
[EventDate "2012.09.21"]

1. e4 d6 2. d4 Nf6 3. Bd3 e5 4. Ne2 Be7 5. c4 O-O 6. Nbc3 c6 7. f3 Nbd7 8. Be3
a6 9. a4 Re8 10. O-O Nf8 11. Qd2 Ng6 12. Rac1 Qc7 13. Rfd1 h6 14. Bb1 Nh7 15.
b4 Bg5 16. a5 Qe7 17. dxe5 dxe5 18. Bxg5 Nxg5 19. Qd6 Qxd6 20. Rxd6 Be6 21. c5
Kf8 22. Kf2 f6 23. Ba2 Bxa2 24. Nxa2 Rad8 25. Rcd1 Rxd6 26. Rxd6 Ke7 27. Nac3
Nf7 28. Rd2 Nf8 29. h4 h5 30. Na4 Ne6 31. Nb6 Rd8 32. Rxd8 Nfxd8 33. Ke3 g5 34.
hxg5 fxg5 35. Nc4 Kd7 36. Nc1 h4 37. Nd3 Nf4 38. Nxf4 exf4+ 39. Kf2 Ke6 1/2-1/2

[Event "LIGA CENTRALNE SRBIJE 2012 - JUG"]
[Site "Nis"]
[Date "2012.09.22"]
[Round "3.1"]
[White "Djordjevic, Nebojsa"]
[Black "Grkovic, Vladan *"]
[Result "1/2-1/2"]
[WhiteElo "2254"]
[BlackElo "2216"]
[PlyCount "59"]
[EventDate "2012.09.21"]

1. d4 c5 2. dxc5 e6 3. e3 Bxc5 4. Nf3 Nf6 5. c4 O-O 6. a3 d5 7. Qc2 b6 8. b4
Be7 9. Nbd2 a5 10. b5 Bb7 11. Be2 Nbd7 12. O-O Rc8 13. Bb2 Ne4 14. Nxe4 dxe4
15. Nd2 f5 16. Nb3 Qc7 17. Nd4 Nc5 18. a4 e5 19. Nb3 f4 20. Bg4 Rcd8 21. Nxc5
Bxc5 22. exf4 exf4 23. Ba3 e3 24. Bxc5 Qxc5 25. Rad1 Rde8 26. fxe3 Rxe3 27. Rf2
h5 28. Be2 Rfe8 29. Kf1 Qe5 30. Qd2 1/2-1/2

[Event "LIGA CENTRALNE SRBIJE 2012 - JUG"]
[Site "Nis"]
[Date "2012.09.22"]
[Round "3.1"]
[White "Ostojic, Nikola M"]
[Black "Djordjevic, Vuk **"]
[Result "1/2-1/2"]
[WhiteElo "2058"]
[BlackElo "2060"]
[PlyCount "62"]
[EventDate "2012.09.21"]

1. d4 Nf6 2. c4 e6 3. Nc3 Bb4 4. Qc2 O-O 5. Bg5 d5 6. a3 Be7 7. e3 Nbd7 8. Nf3
c6 9. cxd5 exd5 10. Bd3 Re8 11. O-O Nf8 12. b4 a6 13. Rab1 Ng6 14. a4 Ne4 15.
Bxe7 Qxe7 16. Bxe4 dxe4 17. Nd2 Bf5 18. Ne2 Nf8 19. Rfc1 Ne6 20. b5 Nd8 21. Qc5
Qxc5 22. Rxc5 Bd7 23. Nc4 Ne6 24. Re5 Nc7 25. b6 Nd5 26. Rxe8+ Rxe8 27. Nd6 Rb8
28. Ng3 Nc3 29. Ra1 f5 30. Ndxf5 Bxf5 31. Nxf5 Rd8 1/2-1/2

[Event "LIGA CENTRALNE SRBIJE 2012 - JUG"]
[Site "Nis"]
[Date "2012.09.22"]
[Round "3.1"]
[White "Stojanovic, Vladica"]
[Black "Todorovic, Nenad I **"]
[Result "1/2-1/2"]
[WhiteElo "1903"]
[BlackElo "2061"]
[PlyCount "83"]
[EventDate "2012.09.21"]

1. e4 c5 2. Nc3 Nc6 3. Nf3 d6 4. Bb5 Bd7 5. d4 cxd4 6. Nxd4 Nf6 7. O-O e6 8.
Bg5 Be7 9. Re1 Qc7 10. Qd2 O-O 11. Rad1 a6 12. Bxc6 bxc6 13. h3 Rfd8 14. Qe3 h6
15. Bh4 e5 16. Nf5 Bxf5 17. exf5 Re8 18. Bxf6 Bxf6 19. Ne4 Bg5 20. Nxg5 hxg5
21. Qxg5 f6 22. Qg6 d5 23. Rd3 e4 24. Rg3 Rab8 25. b3 Rbd8 26. Rg4 Qf7 27.
Qxf7+ Kxf7 28. c3 Re5 29. Rf4 c5 30. g4 Rde8 31. Kg2 d4 32. cxd4 cxd4 33. h4 d3
34. Kf1 Rc8 35. g5 Rc2 36. g6+ Kf8 37. a4 a5 38. h5 Rc3 39. Rh4 Rxf5 40. Rhxe4
Re5 41. Rd4 Rxb3 42. Rd7 1/2-1/2

[Event "LIGA CENTRALNE SRBIJE 2012 - JUG"]
[Site "Nis"]
[Date "2012.09.22"]
[Round "3.1"]
[White "Ristic, Boban"]
[Black "Kostic, Stefan **"]
[Result "1-0"]
[WhiteElo "2063"]
[BlackElo "1972"]
[PlyCount "61"]
[EventDate "2012.09.21"]

1. d4 d5 2. Nf3 Nf6 3. Bf4 c6 4. e3 e6 5. Bd3 Bd6 6. Bxd6 Qxd6 7. Ne5 Qb4+ 8.
Nd2 Qxb2 9. O-O Nbd7 10. f4 c5 11. Qb1 Qc3 12. Qe1 cxd4 13. exd4 Qxd4+ 14. Kh1
O-O 15. Nb3 Qa4 16. Qe2 a6 17. Rf3 Rd8 18. Qf2 Ne4 19. Qh4 Ndf6 20. g4 h6 21.
Rh3 Kf8 22. g5 hxg5 23. fxg5 Ng8 24. Rf3 f5 25. gxf6 gxf6 26. Qh7 Ng5 27. Ng6+
Ke8 28. Qxg8+ Kd7 29. Nc5+ Kc6 30. Qxd8 Qd4 31. Nb3 1-0

[Event "LIGA CENTRALNE SRBIJE 2012 - JUG"]
[Site "Nis"]
[Date "2012.09.22"]
[Round "3.1"]
[White "Jonic, Dragisa"]
[Black "Milosavljevic, Ivan"]
[Result "0-1"]
[WhiteElo "2103"]
[BlackElo "2008"]
[PlyCount "114"]
[EventDate "2012.09.21"]

1. c4 e5 2. Nc3 Nf6 3. g3 Nc6 4. Bg2 Bc5 5. e3 d6 6. Nge2 O-O 7. O-O Rb8 8. Na4
Bb6 9. Nxb6 axb6 10. b3 Bg4 11. Bb2 Qd7 12. f3 Bh3 13. d4 Bxg2 14. Kxg2 Rfd8
15. d5 Ne7 16. e4 Ng6 17. Qd2 h6 18. Rae1 Re8 19. Qd3 Nh7 20. f4 exf4 21. Nxf4
Ne5 22. Qd2 Ng5 23. h4 Nh7 24. Bxe5 Rxe5 25. Nd3 Re7 26. e5 Rbe8 27. exd6 Qxd6
28. Rxe7 Rxe7 29. Re1 Nf6 30. Nf2 Kf8 31. Rxe7 Qxe7 32. Qd3 Qe5 33. a3 Ke7 34.
a4 Kd6 35. Qf3 h5 36. Nd3 Qd4 37. Nf2 Qd2 38. Kf1 Kc5 39. Nd3+ Kd4 40. Ne1 Ng4
41. Qe2 Qxe2+ 42. Kxe2 Kc3 43. a5 bxa5 44. c5 Kxb3 45. Kd3 a4 46. d6 cxd6 47.
cxd6 Ne5+ 48. Kd4 Nc6+ 49. Kc5 a3 50. Nf3 a2 51. Kb6 a1=Q 52. Kxb7 Nd8+ 53. Kc8
Ne6 54. Ng5 Qa8+ 55. Kd7 Qd8+ 56. Kc6 Qc8+ 57. Kd5 Qc4+ 0-1

[Event "LIGA CENTRALNE SRBIJE 2012 - JUG"]
[Site "Nis"]
[Date "2012.09.22"]
[Round "3.2"]
[White "Zivkovic, Nemanja *"]
[Black "Ristic, Nebojsa B"]
[Result "1/2-1/2"]
[WhiteElo "2212"]
[BlackElo "2319"]
[PlyCount "24"]
[EventDate "2012.09.21"]

1. c4 e6 2. g3 Nf6 3. Bg2 d5 4. Nf3 Be7 5. O-O O-O 6. d4 Nc6 7. b3 Ne4 8. Bb2
b6 9. Nc3 f5 10. Rc1 Bb7 11. e3 Rc8 12. Qe2 Bf6 1/2-1/2

[Event "LIGA CENTRALNE SRBIJE 2012 - JUG"]
[Site "Nis"]
[Date "2012.09.22"]
[Round "3.2"]
[White "Banjovic, Sasa"]
[Black "Savic, Goran Lj"]
[Result "0-1"]
[WhiteElo "2161"]
[BlackElo "2145"]
[PlyCount "72"]
[EventDate "2012.09.21"]

1. d4 Nf6 2. c4 g6 3. Nc3 Bg7 4. e4 d6 5. Nf3 O-O 6. Be2 Nc6 7. O-O e5 8. d5
Ne7 9. Ne1 Ne8 10. f3 f5 11. g4 Nf6 12. Nd3 c5 13. g5 Ne8 14. Rb1 b6 15. b4 Ba6
16. bxc5 dxc5 17. Qa4 Qc8 18. Bb2 Nd6 19. Nb5 Bxb5 20. cxb5 c4 21. Nf2 Qd7 22.
Ba3 Nec8 23. Qc2 a6 24. bxa6 Rxa6 25. Bb4 b5 26. Nd1 Qa7+ 27. Kg2 Rxa2 28. Rb2
Rxb2 29. Nxb2 fxe4 30. fxe4 Rxf1 31. Kxf1 Qe3 32. Bd2 Qxe4 33. Qxe4 Nxe4 34.
Be3 Ncd6 35. Ke1 Bf8 36. h4 Nf5 0-1

[Event "LIGA CENTRALNE SRBIJE 2012 - JUG"]
[Site "Nis"]
[Date "2012.09.22"]
[Round "3.2"]
[White "Milutinovic, Zoran"]
[Black "Vukasinovic, Sasa"]
[Result "0-1"]
[WhiteElo "2122"]
[BlackElo "2083"]
[PlyCount "115"]
[EventDate "2012.09.21"]

1. d4 Nf6 2. c4 c5 3. Nf3 cxd4 4. Nxd4 e5 5. Nf3 Nc6 6. Nc3 Bc5 7. e3 O-O 8.
Be2 d6 9. O-O a6 10. a3 e4 11. Nd2 Re8 12. b4 Bb6 13. Bb2 Bf5 14. Nb3 Qe7 15.
Nd5 Nxd5 16. Qxd5 Ne5 17. Rfd1 Rad8 18. Na5 Rd7 19. Bd4 Bxa5 20. Qxa5 Qh4 21.
Bxe5 Rxe5 22. Rd5 Rxd5 23. Qxd5 Be6 24. Qd4 f5 25. Rd1 Qf6 26. Qxf6 gxf6 27.
Kf1 Kf7 28. Ke1 Ke7 29. Rd4 Rc7 30. Kd2 a5 31. g4 fxg4 32. Rxe4 f5 33. Rf4 axb4
34. axb4 h5 35. Bd3 Kf6 36. e4 Kg5 37. Ke3 fxe4 38. Rxe4 Bf5 39. Rd4 Re7+ 40.
Kd2 Bxd3 41. Rxd3 Re6 42. Rd5+ Kh4 43. Rb5 Re7 44. Rd5 Re4 45. c5 dxc5 46. bxc5
Rf4 47. Ke1 Kh3 48. Rxh5+ Kg2 49. Rh7 Rxf2 50. Rh4 Rf4 51. h3 Rf1+ 52. Ke2 g3
53. Rh7 Rc1 54. Rxb7 Rxc5 55. Rh7 Re5+ 56. Kd3 Kf2 57. Kd4 Re1 58. h4 0-1

[Event "LIGA CENTRALNE SRBIJE 2012 - JUG"]
[Site "Nis"]
[Date "2012.09.22"]
[Round "3.2"]
[White "Dimitrijevic, Zoran"]
[Black "Jovanovic, Dragan"]
[Result "1/2-1/2"]
[WhiteElo "2104"]
[BlackElo "2102"]
[PlyCount "66"]
[EventDate "2012.09.21"]

1. Nf3 d5 2. d4 Nf6 3. Bf4 e6 4. e3 Bd6 5. Bd3 O-O 6. O-O c5 7. c3 Nc6 8. dxc5
Bxc5 9. Ne5 Bd6 10. Nxc6 bxc6 11. Qa4 Qc7 12. Bg3 e5 13. Rd1 Bd7 14. Qc2 e4 15.
Be2 Bxg3 16. hxg3 Qe5 17. Nd2 Bg4 18. Nf1 Rab8 19. Rab1 Bxe2 20. Qxe2 c5 21.
Rd2 h5 22. Rbd1 Rfd8 23. Qa6 Qc7 24. b3 Rd6 25. Qa3 Rbd8 26. Qb2 Qb6 27. b4
cxb4 28. cxb4 Rb8 29. Rb1 Qb7 30. Qd4 Rb6 31. Rdb2 Qc6 32. Nd2 Rc8 33. b5 Qc3
1/2-1/2

[Event "LIGA CENTRALNE SRBIJE 2012 - JUG"]
[Site "Nis"]
[Date "2012.09.22"]
[Round "3.2"]
[White "Rilak, Slavoljub"]
[Black "Bozilov, Dragan **"]
[Result "1-0"]
[WhiteElo "2098"]
[BlackElo "1886"]
[PlyCount "101"]
[EventDate "2012.09.21"]

1. e4 c6 2. d4 d5 3. Nc3 dxe4 4. Nxe4 Bf5 5. Ng3 Bg6 6. Nf3 Nf6 7. Bd3 Bxd3 8.
Qxd3 e6 9. O-O Nbd7 10. c4 Bd6 11. Be3 O-O 12. Ng5 h6 13. N5e4 Nxe4 14. Nxe4
Bc7 15. Rfd1 f5 16. Nc3 Qh4 17. g3 Qh3 18. f4 Nf6 19. Qf1 Qh5 20. Re1 Ba5 21.
Re2 Bxc3 22. bxc3 Ne4 23. Rc2 Qg4 24. Qg2 h5 25. Bf2 Rf6 26. Re1 h4 27. h3 Qg6
28. g4 Nxf2 29. Rxf2 fxg4 30. Qxg4 Raf8 31. Qxg6 Rxg6+ 32. Rg2 Rff6 33. Ree2
Rxg2+ 34. Kxg2 Kf7 35. Kf3 Rg6 36. Rg2 Rxg2 37. Kxg2 Kg6 38. Kf3 Kf5 39. a4 a5
40. c5 g6 41. Ke3 g5 42. fxg5 Kxg5 43. Ke4 Kg6 44. Ke5 Kg5 45. Kxe6 Kf4 46. c4
Kg3 47. d5 cxd5 48. cxd5 Kxh3 49. d6 Kg2 50. d7 h3 51. d8=Q 1-0

[Event "LIGA CENTRALNE SRBIJE 2012 - JUG"]
[Site "Nis"]
[Date "2012.09.22"]
[Round "3.2"]
[White "Djordjevic, Miroslav"]
[Black "Miletic, Dragan"]
[Result "1-0"]
[WhiteElo "1943"]
[BlackElo "2034"]
[PlyCount "71"]
[EventDate "2012.09.21"]

1. e4 e6 2. d4 d5 3. e5 c5 4. c3 Nc6 5. Nf3 Bd7 6. Bd3 cxd4 7. cxd4 Qb6 8. O-O
Nxd4 9. Nbd2 Nxf3+ 10. Nxf3 Rc8 11. b4 a6 12. Be3 Qd8 13. Ng5 Be7 14. Nh3 g6
15. Rb1 f5 16. b5 a5 17. Qe2 b6 18. Rfc1 Bc5 19. Bg5 Be7 20. Bf4 h5 21. Bd2 Kf7
22. Re1 Be8 23. Be3 g5 24. Rec1 Rxc1+ 25. Rxc1 f4 26. Bd4 Kg7 27. Qc2 Nh6 28.
Qc7 Bf7 29. Bxb6 Qf8 30. Bc5 Bxc5 31. Rxc5 Ng4 32. Nxg5 Qe8 33. b6 Rf8 34. h3
Nh6 35. Bb5 Qa8 36. b7 1-0

[Event "LIGA CENTRALNE SRBIJE 2012 - JUG"]
[Site "Nis"]
[Date "2012.09.22"]
[Round "3.2"]
[White "Zivkovic, Rajko"]
[Black "Veselinov, Ivica"]
[Result "1/2-1/2"]
[WhiteElo "2195"]
[BlackElo "1942"]
[PlyCount "86"]
[EventDate "2012.09.21"]

1. c4 Nf6 2. Nc3 c5 3. g3 g6 4. b3 Bg7 5. Bg2 O-O 6. Bb2 e5 7. e3 Nc6 8. Nge2
d6 9. O-O Bg4 10. h3 Bf5 11. d3 a6 12. Qd2 Rb8 13. a4 Nb4 14. Ne4 b5 15. axb5
axb5 16. Bc3 bxc4 17. Nxf6+ Bxf6 18. dxc4 Qb6 19. g4 Bc8 20. Rfd1 Be7 21. Ra3
Bb7 22. Bxb4 Bxg2 23. Kxg2 Qc6+ 24. Qd5 Qxd5+ 25. Rxd5 Rxb4 26. Nc3 Rb6 27. Nb5
f5 28. Ra7 Rf7 29. gxf5 gxf5 30. Kf3 Kg7 31. Rd7 Bf8 32. Rxf7+ Kxf7 33. e4 Kf6
34. Ke3 f4+ 35. Kf3 Ke6 36. Rd1 Rb7 37. Ra1 Rg7 38. Ra8 Be7 39. Nc7+ Kd7 40.
Nd5 Ke6 41. Re8 Kd7 42. Rxe7+ Rxe7 43. Nxe7 Kxe7 1/2-1/2

[Event "LIGA CENTRALNE SRBIJE 2012 - JUG"]
[Site "Nis"]
[Date "2012.09.22"]
[Round "3.2"]
[White "Djordjevic, Danilo **"]
[Black "Stankovic, Nikola G **"]
[Result "1-0"]
[WhiteElo "1961"]
[BlackElo "1702"]
[PlyCount "103"]
[EventDate "2012.09.21"]

1. d4 d5 2. Nf3 Bf5 3. Bf4 Nf6 4. h3 h6 5. e3 e6 6. Nbd2 Bd6 7. Ne5 Nbd7 8.
Ndf3 Be4 9. Nxd7 Qxd7 10. Ne5 Bxe5 11. Bxe5 Qe7 12. c3 O-O 13. f3 Bg6 14. Bd3
Bxd3 15. Qxd3 c6 16. e4 Rac8 17. O-O Rfd8 18. Bxf6 Qxf6 19. e5 Qf4 20. Kf2 Qh4+
21. Ke2 Qg3 22. Rf2 c5 23. f4 Qxd3+ 24. Kxd3 cxd4 25. cxd4 Rc6 26. Rd1 Rdc8 27.
Rdd2 Kf8 28. f5 exf5 29. Rxf5 Ke7 30. Rdf2 f6 31. Re2 Re6 32. exf6+ gxf6 33.
Rxe6+ Kxe6 34. Rh5 Rg8 35. g4 Rh8 36. Ke3 Rh7 37. h4 Rg7 38. Kf4 Rg6 39. b4 b5
40. a3 a6 41. Kf3 Kd6 42. Kg3 Ke6 43. Kf4 Rg7 44. Rxh6 Ke7 45. Kf5 a5 46. bxa5
Rg8 47. Rxf6 Ra8 48. a6 Ke8 49. h5 Ra7 50. h6 Rh7 51. Kg6 Rh8 52. Kg7 1-0

[Event "LIGA CENTRALNE SRBIJE 2012 - JUG"]
[Site "Nis"]
[Date "2012.09.22"]
[Round "3.3"]
[White "Necevski, Aleksandar"]
[Black "Savic, Miodrag"]
[Result "1-0"]
[WhiteElo "2275"]
[BlackElo "2221"]
[PlyCount "97"]
[EventDate "2012.09.21"]

1. d4 d5 2. c4 e6 3. Nc3 Nf6 4. cxd5 exd5 5. Bg5 Be7 6. e3 h6 7. Bh4 O-O 8. Bd3
b6 9. Nge2 Bb7 10. O-O Ne4 11. Bxe7 Qxe7 12. Qc2 Nd7 13. Bb5 Nxc3 14. Qxc3 Rac8
15. Bc6 Bxc6 16. Qxc6 Qe6 17. Rac1 Qxc6 18. Rxc6 Nb8 19. Rc3 Rfd8 20. Rfc1 c6
21. Nf4 Rd6 22. Kf1 Kf8 23. Ke2 Ke7 24. Nh5 g6 25. Nf4 a5 26. Nd3 f6 27. Nf4 g5
28. Nd3 Na6 29. g4 Kd7 30. a3 Rh8 31. b4 axb4 32. axb4 Nc7 33. Ra1 Nb5 34. Rcc1
Re6 35. Kf3 h5 36. h3 Re4 37. Rh1 Ke6 38. Kg3 Nd6 39. Rhe1 hxg4 40. hxg4 Kf7
41. Rac1 Nc4 42. f3 Re6 43. e4 Rhe8 44. Nf2 b5 45. Rh1 Nd2 46. Rh7+ Kg6 47.
Rch1 Nf1+ 48. Kg2 Ne3+ 49. Kg1 1-0

[Event "LIGA CENTRALNE SRBIJE 2012 - JUG"]
[Site "Nis"]
[Date "2012.09.22"]
[Round "3.3"]
[White "Zivaljevic, Pavle"]
[Black "Kulak, Dejan"]
[Result "1/2-1/2"]
[WhiteElo "2094"]
[BlackElo "2273"]
[PlyCount "33"]
[EventDate "2012.09.21"]

1. e4 c5 2. Nf3 Nc6 3. Nc3 g6 4. d4 cxd4 5. Nxd4 Bg7 6. Be3 Nf6 7. Be2 O-O 8.
O-O d5 9. exd5 Nb4 10. Bf3 Nbxd5 11. Nxd5 Nxd5 12. Bc1 a6 13. c3 Rb8 14. Nc2
Be6 15. Nd4 Bc8 16. Nc2 Be6 17. Nd4 1/2-1/2

[Event "LIGA CENTRALNE SRBIJE 2012 - JUG"]
[Site "Nis"]
[Date "2012.09.22"]
[Round "3.3"]
[White "Jovic, Mirko *"]
[Black "Milutinovic, Vladan"]
[Result "1-0"]
[WhiteElo "2223"]
[BlackElo "2091"]
[PlyCount "73"]
[EventDate "2012.09.21"]

1. e4 c5 2. Nf3 Nc6 3. c4 e5 4. Nc3 Nf6 5. d3 d6 6. Be2 Be7 7. O-O O-O 8. a3
Ne8 9. Nd5 f5 10. b4 b6 11. b5 Nd4 12. Nxd4 exd4 13. exf5 Bxf5 14. Bf3 Rb8 15.
Re1 Bg5 16. Bxg5 Qxg5 17. Re7 Nf6 18. Rxa7 Kh8 19. a4 Ng4 20. a5 Ne5 21. Be2
Bh3 22. Qf1 Bg4 23. f4 Bxe2 24. Qxe2 Qg4 25. Qxg4 Nxg4 26. axb6 Ne3 27. Nxe3
dxe3 28. Re1 Rxb6 29. Rxe3 d5 30. Ree7 dxc4 31. dxc4 Rd6 32. Rad7 Rg6 33. Rd5
h6 34. f5 Rgf6 35. Rxc5 Rxf5 36. Rxf5 Rxf5 37. Rc7 1-0

[Event "LIGA CENTRALNE SRBIJE 2012 - JUG"]
[Site "Nis"]
[Date "2012.09.22"]
[Round "3.3"]
[White "Vasic, Zarko"]
[Black "Rasic, Jovan **"]
[Result "1/2-1/2"]
[WhiteElo "2075"]
[BlackElo "1982"]
[PlyCount "87"]
[EventDate "2012.09.21"]

1. e4 g6 2. Nc3 Bg7 3. d4 c5 4. Nf3 cxd4 5. Nxd4 Nc6 6. Nb3 d6 7. Bc4 Nf6 8.
Bg5 O-O 9. Qd2 a6 10. a4 Na5 11. Nxa5 Qxa5 12. O-O Bd7 13. Rfe1 Qc7 14. Bb3 Bc6
15. Rad1 b5 16. axb5 axb5 17. Bh6 Qb6 18. Bxg7 Kxg7 19. Nd5 Bxd5 20. Bxd5 Rac8
21. c3 Rc7 22. Qd4 Rb8 23. Bb3 b4 24. c4 Qxd4 25. Rxd4 Nd7 26. Ba4 Nc5 27. Bb5
Nb3 28. Rd3 Nc5 29. Rd5 Ra8 30. f4 Ra2 31. Re2 Ne6 32. g3 Rc5 33. Red2 Nc7 34.
Rxc5 dxc5 35. Bd7 Na8 36. Kf2 Nb6 37. Bb5 e6 38. Ke3 Nc8 39. h4 h5 40. Bd7 Ne7
41. b3 Ra1 42. Rd6 Kf6 43. Ba4 Rc1 44. Rd8 1/2-1/2

[Event "LIGA CENTRALNE SRBIJE 2012 - JUG"]
[Site "Nis"]
[Date "2012.09.22"]
[Round "3.3"]
[White "Savic, Nebojsa"]
[Black "Savic, Ivan"]
[Result "1/2-1/2"]
[WhiteElo "2092"]
[BlackElo "2056"]
[PlyCount "56"]
[EventDate "2012.09.21"]

1. e4 e5 2. Nc3 Nf6 3. Bc4 Nc6 4. a3 a6 5. d3 Bc5 6. h3 h6 7. Be3 Bxe3 8. fxe3
d6 9. Nf3 Qe7 10. Qd2 Nd8 11. Qf2 Be6 12. Nd5 Nxd5 13. exd5 Bd7 14. e4 O-O 15.
g4 b5 16. Ba2 Rc8 17. O-O-O a5 18. Rdg1 b4 19. axb4 axb4 20. Kd2 Ra8 21. Bc4
Nb7 22. g5 h5 23. g6 fxg6 24. Rxg6 Be8 25. Rg2 Qf6 26. Rf1 Bd7 27. Qg3 Qf4+ 28.
Qxf4 Rxf4 1/2-1/2

[Event "LIGA CENTRALNE SRBIJE 2012 - JUG"]
[Site "Nis"]
[Date "2012.09.22"]
[Round "3.3"]
[White "Vasic, Blagoje"]
[Black "Marjanovic, Novica"]
[Result "1/2-1/2"]
[WhiteElo "2028"]
[BlackElo "2057"]
[PlyCount "73"]
[EventDate "2012.09.21"]

1. d4 Nf6 2. e3 d5 3. Nf3 Bg4 4. Bd3 Nbd7 5. b3 e6 6. Bb2 Bb4+ 7. c3 Bd6 8.
Nbd2 c6 9. Qc2 e5 10. dxe5 Nxe5 11. Nxe5 Bxe5 12. h3 Be6 13. O-O-O Qa5 14. Kb1
b5 15. f4 Bd6 16. g4 c5 17. g5 Nh5 18. c4 bxc4 19. bxc4 Rb8 20. f5 Bd7 21. cxd5
Ba4 22. Nb3 Qb6 23. Bc4 Bd7 24. e4 f6 25. gxf6 gxf6 26. Qd2 Qb4 27. Qh6 Qxc4
28. Qxh5+ Kd8 29. Bxf6+ Kc7 30. Bxh8 Qxe4+ 31. Kc1 Bf4+ 32. Kb2 Rxh8 33. d6+
Kb6 34. Qf7 Be5+ 35. Kc1 Bf4+ 36. Kb2 Be5+ 37. Kc1 1/2-1/2

[Event "LIGA CENTRALNE SRBIJE 2012 - JUG"]
[Site "Nis"]
[Date "2012.09.22"]
[Round "3.4"]
[White "Marjanovic, Miroslav"]
[Black "Babic, Bosko"]
[Result "1/2-1/2"]
[WhiteElo "2075"]
[BlackElo "2031"]
[PlyCount "23"]
[EventDate "2012.09.21"]

1. e4 g6 2. d4 c6 3. Nc3 d5 4. e5 Nh6 5. h3 Nf5 6. Nf3 e6 7. Bg5 Be7 8. Bxe7
Qxe7 9. Qd2 b6 10. Nd1 Ba6 11. Ne3 Nxe3 12. fxe3 1/2-1/2

[Event "LIGA CENTRALNE SRBIJE 2012 - JUG"]
[Site "Nis"]
[Date "2012.09.22"]
[Round "3.4"]
[White "Sundric, Dragan"]
[Black "Carapic, Srdjan"]
[Result "1-0"]
[WhiteElo "1927"]
[BlackElo "1945"]
[PlyCount "79"]
[EventDate "2012.09.21"]

1. e4 c5 2. Nf3 Nc6 3. d4 cxd4 4. Nxd4 Nf6 5. Nc3 g6 6. Be3 Bg7 7. f3 O-O 8.
Qd2 a6 9. O-O-O d6 10. Nxc6 bxc6 11. e5 Nd5 12. Nxd5 cxd5 13. exd6 e6 14. Bh6
Qxd6 15. Bxg7 Kxg7 16. c4 Bb7 17. Kb1 Rfc8 18. h4 h6 19. f4 e5 20. g3 d4 21.
fxe5 Qxe5 22. Rg1 Rd8 23. Bd3 Qe3 24. Kc2 Re8 25. Qxe3 Rxe3 26. Rde1 Rae8 27.
Kd2 Bf3 28. b4 Bb7 29. a4 f5 30. b5 R8e5 31. Rxe3 dxe3+ 32. Kc3 g5 33. Kd4 Kf6
34. c5 axb5 35. axb5 gxh4 36. gxh4 f4 37. Rg6+ Kf7 38. Kxe5 e2 39. Rg1 f3 40.
Bxe2 1-0

[Event "LIGA CENTRALNE SRBIJE 2012 - JUG"]
[Site "Nis"]
[Date "2012.09.22"]
[Round "3.5"]
[White "Keca, Dragomir"]
[Black "Puzic, Slobodan"]
[Result "1/2-1/2"]
[WhiteElo "2196"]
[BlackElo "2147"]
[PlyCount "33"]
[EventDate "2012.09.21"]

1. Nf3 Nf6 2. g3 d5 3. c4 c6 4. d4 Bf5 5. Qb3 Qb6 6. c5 Qxb3 7. axb3 Nbd7 8. b4
g6 9. Nc3 Bg7 10. h3 O-O 11. Bf4 Ne4 12. Bg2 Nxc3 13. bxc3 Be4 14. O-O Bxf3 15.
Bxf3 e5 16. dxe5 Nxe5 17. Bxe5 1/2-1/2

[Event "LIGA CENTRALNE SRBIJE 2012 - JUG"]
[Site "Nis"]
[Date "2012.09.22"]
[Round "3.5"]
[White "Susulic, Zivan"]
[Black "Zivkovic, Ljubisa"]
[Result "1-0"]
[WhiteElo "2101"]
[BlackElo "2008"]
[PlyCount "69"]
[EventDate "2012.09.21"]

1. e4 Nf6 2. d3 d5 3. e5 Nfd7 4. Nf3 e6 5. g3 c5 6. Bg2 Nc6 7. Bf4 Qc7 8. Qe2
h6 9. h4 g6 10. O-O Bg7 11. Re1 b5 12. Nc3 Rb8 13. Nxd5 Qd8 14. Nf6+ Bxf6 15.
exf6 Rb6 16. Qd2 Qxf6 17. Bxh6 Qxb2 18. Qf4 Ne7 19. Qd2 Nf5 20. Bf4 O-O 21. g4
Ng7 22. Bc7 Rc6 23. Bg3 Rb6 24. Qh6 Ne8 25. Ne5 Ndf6 26. Nxg6 fxg6 27. Qxg6+
Ng7 28. Be5 Qxc2 29. Bxf6 Rf7 30. Rec1 Qe2 31. Rxc5 Bd7 32. Re5 Qb2 33. Rae1
Be8 34. Be4 Kf8 35. Qh6 1-0

[Event "LIGA CENTRALNE SRBIJE 2012 - JUG"]
[Site "Nis"]
[Date "2012.09.22"]
[Round "3.6"]
[White "Manic, Dragan"]
[Black "Denovic, Branislav"]
[Result "1-0"]
[WhiteElo "2124"]
[BlackElo "2122"]
[PlyCount "41"]
[EventDate "2012.09.21"]

1. e4 e5 2. Bc4 Nf6 3. d4 exd4 4. Nf3 Bc5 5. O-O d6 6. Nxd4 O-O 7. Bg5 h6 8.
Bh4 g5 9. Bg3 Nxe4 10. Nc3 Nxc3 11. bxc3 Qf6 12. f4 g4 13. f5 h5 14. Kh1 Nc6
15. Ne6 fxe6 16. fxe6 Qe7 17. Bh4 Rxf1+ 18. Qxf1 Qe8 19. e7+ Kg7 20. Qf6+ Kh7
21. Bf7 1-0

[Event "LIGA CENTRALNE SRBIJE 2012 - JUG"]
[Site "Nis"]
[Date "2012.09.22"]
[Round "3.6"]
[White "Jovic, Dusan"]
[Black "Nikolic, Sava N R"]
[Result "1-0"]
[WhiteElo "2105"]
[BlackElo "2121"]
[PlyCount "77"]
[EventDate "2012.09.21"]

1. e4 e5 2. Nf3 Nc6 3. d4 d5 4. Bb5 Bg4 5. h3 dxe4 6. hxg4 exf3 7. Qxf3 Qf6 8.
d5 a6 9. dxc6 axb5 10. cxb7 Qxf3 11. gxf3 Rb8 12. a4 b4 13. a5 Rxb7 14. a6 Ra7
15. Be3 Ra8 16. Nd2 Nf6 17. Nc4 Nd7 18. O-O f6 19. Rfd1 Be7 20. Ra5 Nb8 21. a7
Nc6 22. Ra6 Nd4 23. Bxd4 exd4 24. Rxd4 h5 25. Na5 hxg4 26. Nc6 Bd6 27. Rxg4 Kf7
28. Nxb4 Rh5 29. Nd3 Rb5 30. Rga4 Ke7 31. b4 c5 32. c4 Rb7 33. bxc5 Rb1+ 34.
Kg2 Bc7 35. Rb4 Rd1 36. Rb3 Rh8 37. f4 Ra8 38. Nb4 Kd7 39. Nd5 1-0

[Event "LIGA CENTRALNE SRBIJE 2012 - JUG"]
[Site "Nis"]
[Date "2012.09.22"]
[Round "3.6"]
[White "Djuric, Ranko"]
[Black "Rolj, Petar"]
[Result "0-1"]
[WhiteElo "2102"]
[BlackElo "2024"]
[PlyCount "112"]
[EventDate "2012.09.21"]

1. e4 e5 2. Nf3 Nc6 3. d4 exd4 4. Nxd4 Bc5 5. Nf3 d6 6. Be2 h6 7. O-O Nge7 8.
Nbd2 Ng6 9. Nb3 Bb6 10. a4 a6 11. Nbd4 Bd7 12. Be3 Qe7 13. Bd3 O-O 14. h3 Ba7
15. c3 Nh4 16. Re1 Ne5 17. Bf1 c5 18. Nf5 Nexf3+ 19. gxf3 Bxf5 20. exf5 Qf6 21.
Qd5 Qxf5 22. Qxf5 Nxf5 23. Bf4 Rad8 24. Rad1 Bb8 25. Rd5 Nh4 26. Re7 Ng6 27.
Rxb7 Nxf4 28. Rf5 g5 29. h4 f6 30. Bxa6 Rf7 31. hxg5 hxg5 32. b4 Ba7 33. a5 Kg7
34. b5 Rdd7 35. Rxd7 Rxd7 36. b6 Bb8 37. Kf1 Rd8 38. Bb5 Rh8 39. Kg1 Kg6 40.
Rxf4 gxf4 41. a6 Rh7 42. Bc6 f5 43. Kf1 Rh1+ 44. Ke2 Ra1 45. Bb7 c4 46. Kd2 Kf6
47. Kc2 Ke5 48. Bc8 d5 49. Kd2 d4 50. cxd4+ Kxd4 51. a7 Bxa7 52. bxa7 Rxa7 53.
Bxf5 Ra2+ 54. Bc2 Rb2 55. Kd1 Kc3 56. Be4 Rxf2 0-1